Países que ganaron algún mundial - ¡Muerte súbita! - Estadísticas

Estadísticas generales
  • Esta prueba ha sido intentada 362 veces
  • La puntuación promedio es 7 de 8
Answers on the Grid
Answers color-coded by a green-red scale on the quiz's grid according to % correct below.
Canadá
Inglaterra
México
Ghana
Italia
Polonia
Argentina
Lituania
Colombia
Francia
Perú
Alemania
Brasil
Portugal
España
Venezuela
Marruecos
Uruguay
Croacia
 
Estadísticas de respuestas
Respuesta % Correcto
Ganó tres veces en 1978, 1986 y 2022 Argentina
97%
Ganó 5 veces en 1958, 1962, 1970, 1994 y 2002 Brasil
95%
Ganó cuatro veces en 1934, 1938, 1982 y 2006 Italia
95%
Ganó 2 veces en 1998 y 2018 Francia
93%
Ganó una vez en 2010 España
92%
Ganó 4 veces en 1954, 1974, 1990 y 2006 Alemania
91%
Ganó una vez en 1966 Inglaterra
91%
Ganó 2 veces en 1930 y 1950 Uruguay
87%
No se encontraron pruebas coincidentes
Distribución de puntuación
Porcentaje de gente con cada puntuación
Porcentaje por número respondido
Historial de tus puntuaciones
No has intentado esta prueba.